Guardians of the Galaxy - MISSION: Breakout! Songs - Statistics

General Stats
  • This quiz has been taken 4 times
  • The average score is 4 of 7
Answer Stats
Hint Answer % Correct
Steppenwolf Born to Be Wild
100%
The Jackson 5 I Want You Back
100%
The Edgar Winter Group Free Ride
67%
Pat Benatar Hit Me With Your Best Shot
67%
Elvis Presley Burning Love
33%
Paraliment Give Up The Funk
33%
Tyler Bates Monsters After Dark
33%
No matching quizzes found
Score Distribution
Percent of People with Each Score
Percentile by Number Answered
Your Score History
You have not taken this quiz